000 00988nam a2200205Ia 4500
003 OSt
005 20210706154154.0
008 210310s1989 ck gr 000 0 spa d
040 _aCO-JMCR
_cCO-JMCR
041 0 _aspa
082 0 4 _a344.35 /
_bB693f
_223
110 2 _aBolsa de Bogotá S.A
_938392
245 1 4 _aLos fondos mutuos de inversión en Colombia /
_cBolsa de Bogotá S.A
260 _aBogotá :
_bBolsa de Bogotá S.A,
_c1989
300 _a87 páginas ;
_b
_c24 cm.
505 0 _aAntecedentes, organización e importancia -- Importancia social y económica de los fondos mutuos de inversión -- Legislación, doctrinas y circulares -- Desarrollo en Colombia -- Acta de constitución, estatutos y reglamentos -- Acta orgánica de Constitución de un Fondo Mutuo de Inversión -- Modelo de Estatutos para Fondo Mutuo de Inversión -- Modelo de reglamentos
650 1 4 _aLos fondos de inversión
_916190
_zColombia
650 2 4 _aFondos mutuos
_zColombia
_938393
942 _2ddc
_cBK
999 _c8049
_d8049